Vytvorenie a aplikácia modelu/systému pre zlepšenie prevádzkových parametrov vybraného kancelárskeho priestoru v Bratislave

Salvato in:
Dettagli Bibliografici
Autore principale: Hodolič, Valerija (Autore)
Altri autori: Körösi, Ladislav (Relatore della tesi)
Natura: Manoscritto Libro
Lingua:slovacco
Pubblicazione: Bratislava : STU v Bratislave FEI, 2025
Soggetti:
Accesso online:https://opac.crzp.sk/?fn=detailBiblioFormChildW10S6G&sid=809C367C54749DCAAB42AFFF7E5A&seo=CRZP-detail-kniha
Tags: Aggiungi Tag
Nessun Tag, puoi essere il primo ad aggiungerne!!

MARC

LEADER 00000ntm a22000003a 4500
001 stuzp100988
003 SK-STU
005 20260323130706.3
007 ta
008 150427s2015----xo-----f-mn---000-0-slo-d
040 |a STU  |b slo 
041 0 |a slo 
044 |a xo 
100 1 |a Hodolič, Valerija  |u 034000  |4 aut  |U FEI Fakulta elektrotechniky a informatiky  |T FEI Ústav elektrotechniky  |X 111107  |U E040  |Y 550  |7 111107 
242 0 1 |a Development and Application of a Model/System to Enhance the Operational Parameters of a Selected Office Space in Bratislava  |y eng 
245 1 0 |a Vytvorenie a aplikácia modelu/systému pre zlepšenie prevádzkových parametrov vybraného kancelárskeho priestoru v Bratislave 
260 |a Bratislava :  |b STU v Bratislave FEI,  |c 2025 
300 |a 82 s. 
650 4 |a CFD(Computational Fluid Dynamics)  |2 eng 
650 4 |a Thermal Comfort  |2 eng 
650 4 |a Machine learning  |2 eng 
650 4 |a Mesurments and Regulation  |2 eng 
650 4 |a CFD (Computational Fluid Dynamics),  |2 slo 
650 4 |a Tepelný Komfort  |2 slo 
650 4 |a Strojové učenie  |2 slo 
650 4 |a Meranie a Regulácia  |2 slo 
700 1 |a Körösi, Ladislav  |u 031000  |k Z1  |4 ths  |U FEI Fakulta elektrotechniky a informatiky  |T FEI Ústav robotiky a kybernetiky  |X 4960  |U E011  |Y 356  |7 A000004960 
856 4 |u https://opac.crzp.sk/?fn=detailBiblioFormChildW10S6G&sid=809C367C54749DCAAB42AFFF7E5A&seo=CRZP-detail-kniha